[Event "AUT2W-chT 2002/03"]
[Site "?"]
[Date "2003.02.02"]
[Round "9.6"]
[White "Erhard, Jakob"]
[Black "Jedinger, Andreas"]
[Result "1/2-1/2"]
[WhiteElo "2112"]
[BlackElo "2110"]
[Annotator "Herbrechtsmeier"]
[PlyCount "109"]
[EventDate "2002.??.??"]
[WhiteTeam "ISK"]
[BlackTeam "RUM"]

1. Nf3 c5 2. g3 Nc6 3. Bg2 g6 4. c4 Bg7 5. O-O d6 6. d3 Nf6 7. Na3 O-O 8. Nc2
d5 9. cxd5 Nxd5 10. Rb1 Qb6 11. Nd2 Be6 12. a3 Rfd8 13. Kh1 Rac8 14. f4 Nd4 15.
e4 Nxc2 16. exd5 Ne3 17. Nc4 Nxc4 18. dxe6 f5 19. Qa4 Nd6 20. Bd2 Qc7 21. Ba5
b6 22. Bc3 Ne8 23. Rbd1 Bd4 24. Rfe1 Nf6 25. Bxd4 Rxd4 26. Qc2 a5 27. h3 Rcd8
28. b3 Qd6 29. Re3 Nh5 (29... a4) 30. Qf2 b5 31. Re5 Rxd3 32. Rxd3 Qxd3 33.
Qxc5 Nxg3+ (33... Qxg3 34. Rd5 Rxd5 35. Qxd5 Nxf4 36. Qd8+ Kg7 37. Qxe7+ Kh6
38. Qf8+ Kh5 39. Qa8 Nxe6) 34. Kh2 Ne4 (34... Nh5) 35. Rxe4 fxe4 36. Qxe7 Rf8
37. Qc7 Qd2 38. e7 Re8 39. Qe5 Qd7 (39... Kf7) 40. Bxe4 Qd2+ (40... h6) 41. Kg3
Qe3+ (41... Qe1+ 42. Kf3 Qf1+ 43. Ke3 Qe1+ 44. Kd3 Qd1+) 42. Kh4 Qf2+ (42...
Rxe7 $4 43. Bd5+ Kf8 44. Qh8#) 43. Kg5 h6+ 44. Kf6 (44. Kxh6 Qh4+ 45. Kxg6 Qh7+
) 44... Qh4+ 45. Kxg6 Qg3+ 46. Kxh6 Qxh3+ 47. Kg5 Qg3+ 48. Kf5 Qh3+ 49. Kf6
Qh6+ 50. Kf5 Qh7+ 51. Kg4 Qg7+ 52. Qxg7+ Kxg7 53. Bc6 Rxe7 54. Bxb5 Kf6 55. Kf3
1/2-1/2

[Event "AUT2W-chT 2002/03"]
[Site "?"]
[Date "2003.03.23"]
[Round "11.4"]
[White "Mira, Helene"]
[Black "Lawitsch, Guenther"]
[Result "0-1"]
[WhiteElo "2148"]
[BlackElo "2257"]
[Annotator "Herbrechtsmeier"]
[PlyCount "62"]
[EventDate "2002.??.??"]
[WhiteTeam "Bregenz"]
[BlackTeam "RUM"]

1. Nf3 d5 2. d4 Nf6 3. c4 c6 4. Nc3 e6 5. Bg5 dxc4 6. e4 b5 7. e5 h6 8. Bh4 g5
9. Nxg5 hxg5 10. Bxg5 Nbd7 11. exf6 Bb7 12. g3 Qb6 13. Bg2 O-O-O 14. O-O Bh6
15. h4 (15. Bxh6 Rxh6 16. Ne4) 15... Bxg5 16. hxg5 Rhg8 {Neuerung!} (16... c5
17. dxc5 (17. d5 b4 18. Na4 Qd6 19. a3 Bxd5 20. Bxd5 exd5 21. axb4 cxb4 22. Qd4
{1/2-1/2 Ward,C-Dominguez,L/Copenhagen 2002/CBM 89 ext (42)}) 17... Nxc5 18.
Qe2 Rd3 19. Rae1 b4 20. Bxb7+ Qxb7 21. Ne4 Rd4 {
1/2-1/2 Schinzel,W-Barczay,L/Warsaw 1979/EXT 2000 (47)}) (16... Ne5 17. dxe5
Rxd1 18. Rfxd1 Kc7 $2 19. Ne4 Rg8 20. Rd6 {
1-0 Komljenovic,D-Rocha,S/Lisbon 2000/EXT 2001 (24)}) 17. Qh5 c5 18. dxc5 Nxc5
19. Bxb7+ Nxb7 20. Ne4 (20. Qxf7 Rxg5 21. Ne4) 20... Qc6 21. Rae1 $2 (21. f3)
21... Nc5 22. Nxc5 Rh8 23. Qxh8 Rxh8 24. Ne4 Rd8 25. Re3 b4 26. Rfe1 Qd5 27. f4
Kb8 28. g6 fxg6 29. Ng5 Rh8 30. f7 $4 (30. Nf3) 30... Qh1+ 31. Kf2 Rh2# 0-1

[Event "AUT2W-chT 2000/01"]
[Site "Schwaz/Jenbach"]
[Date "2000.10.29"]
[Round "3.1"]
[White "Riemelmoser, Franz"]
[Black "Stangl, Markus"]
[Result "1-0"]
[WhiteElo "2215"]
[BlackElo "2479"]
[PlyCount "87"]
[EventDate "2000.10.27"]

1. c4 c5 2. g3 g6 3. Bg2 Bg7 4. Nc3 Nc6 5. a3 b6 6. b4 Bb7 7. Rb1 d6 8. e4 Ne5
9. Qc2 cxb4 10. Rxb4 Nf6 11. Nge2 Nfd7 12. O-O a5 13. Rb1 Nxc4 14. f4 b5 15. d3
Ncb6 16. Nxb5 O-O 17. Bb2 Rc8 18. Qd2 Bxb2 19. Qxb2 Ba6 20. Nec3 Rc5 21. Qd2
Qb8 22. Rb2 Rfc8 23. Rfb1 Bxb5 24. Nxb5 Na4 25. Rb3 Qb6 26. Nd4 Qa6 27. Bh3 e6
28. Nxe6 fxe6 29. Bxe6+ Kg7 30. Bxd7 Qa7 31. d4 Rc2 32. Bxc8 Rxd2 33. Rb7+ Qxb7
34. Rxb7+ Kh8 35. e5 Rxd4 36. e6 Nc5 37. e7 Re4 38. Bf5 gxf5 39. Rb8+ Kg7 40.
e8=Q Rxe8 41. Rxe8 a4 42. Re7+ Kg6 43. Kf2 h6 44. Ke3 1-0

[Event "AUT2W-chT 2000/01"]
[Site "Feldkirch"]
[Date "2000.11.26"]
[Round "5.1"]
[White "Lanka, Zigurds"]
[Black "Novkovic, Milan"]
[Result "1-0"]
[WhiteElo "2402"]
[BlackElo "2504"]
[PlyCount "93"]
[EventDate "2000.11.??"]

1. e4 e5 2. Nf3 Nc6 3. Bb5 Nf6 4. O-O Nxe4 5. d4 Nd6 6. Bxc6 dxc6 7. dxe5 Nf5
8. Qxd8+ Kxd8 9. h3 h6 10. Bf4 Bd7 11. Nbd2 b6 12. Ne4 Kc8 13. Rad1 c5 14. Bh2
Be6 15. g4 Ne7 16. Nfd2 g5 17. Nf6 Nc6 18. Nh5 Kb7 19. f4 Rd8 20. a3 c4 21. Ne4
Be7 22. f5 Bd5 23. Nhf6 Bxf6 24. Nxf6 Ne7 25. Nxd5 Nxd5 26. Rde1 h5 27. Bg3 Rh6
28. Kg2 h4 29. Bh2 Re8 30. Kf3 b5 31. Rd1 c6 32. Rd4 Rhh8 33. Rfd1 a6 34. Re4
Re7 35. Bg1 Rhe8 36. Rde1 Nf4 37. Be3 Nxh3 38. Rh1 Nf4 39. Bxf4 gxf4 40. Rxh4
Rxe5 41. Rxe5 Rxe5 42. Rh7 Re3+ 43. Kf2 Kb6 44. Rxf7 Rh3 45. f6 Rh2+ 46. Kf3
Rxc2 47. Rf8 1-0

[Event "AUT2W-chT 2001/02"]
[Site "Absam"]
[Date "2001.10.13"]
[Round "2.1"]
[White "Koenig, Dietrich"]
[Black "Schlosser, Philipp"]
[Result "0-1"]
[WhiteElo "2321"]
[BlackElo "2490"]
[PlyCount "92"]
[EventDate "2001.10.??"]

1. d4 Nf6 2. Bg5 e6 3. e4 h6 4. Bxf6 Qxf6 5. Nc3 d6 6. Qd2 c6 7. O-O-O e5 8.
Nf3 Be7 9. Kb1 O-O 10. Bc4 a6 11. h3 b5 12. Bb3 Nd7 13. Ne2 Bb7 14. c3 exd4 15.
cxd4 c5 16. Ng3 Rfe8 17. dxc5 Nxc5 18. Bd5 Bxd5 19. Qxd5 Bf8 20. Rhe1 g6 21.
Rd2 Rac8 22. Rc1 h5 23. h4 b4 24. Rdc2 a5 25. e5 dxe5 26. Rxc5 Bxc5 27. Rxc5
Rxc5 28. Qxc5 Qd8 29. Ne4 Re7 30. Qc2 Kg7 31. b3 Rc7 32. Qd2 Rd7 33. Qg5 f6 34.
Qe3 Qa8 35. Nfd2 Rd4 36. f3 Qc6 37. Nc4 a4 38. g3 Qd7 39. Kc2 Qh3 40. Qf2 Qh1
41. Qe2 a3 42. Nc5 Qa1 43. Ne6+ Kg8 44. Nxd4 Qxa2+ 45. Kc1 Qa1+ 46. Kc2 a2 0-1

[Event "AUT2W-chT 2001/02"]
[Site "Schwaz"]
[Date "2001.11.23"]
[Round "4"]
[White "Proehl, Holger"]
[Black "Kelecevic, Nedeljko"]
[Result "1-0"]
[WhiteElo "2310"]
[BlackElo "2410"]
[PlyCount "101"]
[EventDate "2001.11.??"]

1. e4 e6 2. d4 d5 3. Nd2 c5 4. exd5 Qxd5 5. Ngf3 cxd4 6. Bc4 Qd6 7. O-O Nf6 8.
Nb3 Nc6 9. Nbxd4 Nxd4 10. Qxd4 Qxd4 11. Nxd4 Bd7 12. Be2 Bc5 13. Nb3 Bb6 14. c4
Rc8 15. a4 a6 16. a5 Ba7 17. Rd1 e5 18. Be3 Bxe3 19. fxe3 Ke7 20. Nd2 Bg4 21.
Kf2 Rhd8 22. Rac1 Rc6 23. Nf3 Rxd1 24. Rxd1 Bxf3 25. gxf3 b6 26. Ra1 e4 27. b4
exf3 28. Bxf3 Rxc4 29. b5 bxa5 30. bxa6 Rc7 31. Bb7 Rc2+ 32. Kg1 Ne8 33. a7 Nc7
34. Rxa5 g6 35. Ra6 Kf8 36. Bf3 Ke7 37. Rc6 Rxc6 38. Bxc6 f5 39. Kf2 Kd6 40.
Bg2 g5 41. Ke2 Ke5 42. Kd3 Ke6 43. Kc4 Kd6 44. Bf3 g4 45. Bb7 h5 46. Bg2 h4 47.
Bh1 h3 48. Bb7 Kd7 49. Kc5 Ke7 50. Bc6 Ke6 51. Kb6 1-0

[Event "AUT2W-chT 2001/02"]
[Site "Schwaz"]
[Date "2001.11.24"]
[Round "5"]
[White "Schlosser, Philipp"]
[Black "Volke, Karsten"]
[Result "1-0"]
[WhiteElo "2490"]
[BlackElo "2467"]
[PlyCount "115"]
[EventDate "2001.11.??"]

1. c4 e5 2. g3 Nf6 3. Bg2 Nc6 4. Nc3 Bb4 5. Nd5 Bc5 6. e3 O-O 7. Ne2 Nxd5 8.
cxd5 Nb4 9. d4 exd4 10. exd4 Be7 11. a3 Na6 12. O-O Re8 13. Be3 d6 14. Qb3 Rb8
15. Qd3 Bg4 16. h3 Bxe2 17. Qxe2 Bg5 18. b4 Rc8 19. f4 Bf6 20. Qd3 Nb8 21. Rae1
Qd7 22. g4 Bh4 23. Re2 Re7 24. Be4 g6 25. f5 a6 26. Bh6 Qb5 27. Qxb5 axb5 28.
f6 Ree8 29. g5 c6 30. Rc1 Nd7 31. dxc6 bxc6 32. Bf3 Rxe2 33. Bxe2 Nb6 34. Bg4
Re8 35. Rxc6 Nd5 36. Rxd6 Nf4 37. Rc6 Bg3 38. Rc8 Rxc8 39. Bxc8 Ne2+ 40. Kg2
Bd6 41. Kf3 Nxd4+ 42. Ke4 Nc2 43. Kd5 Bf4 44. Ba6 Nxa3 45. Kc6 Bd2 46. Bxb5
Bxb4 47. Bd3 Be1 48. Kd7 Bb4 49. Ke8 Bc5 50. h4 Bb4 51. Bg7 Bc5 52. h5 Bb4 53.
hxg6 hxg6 54. Bh6 Bd6 55. Bxg6 fxg6 56. f7+ Kh7 57. Bf8 Nc4 58. Be7 1-0

[Event "AUT2W-chT 2001/02"]
[Site "Innsbruck"]
[Date "2002.01.12"]
[Round "7"]
[White "Schmittdiel, Eckhard"]
[Black "Schlosser, Philipp"]
[Result "0-1"]
[WhiteElo "2490"]
[BlackElo "2490"]
[PlyCount "63"]
[EventDate "2002.01.??"]

1. e4 e6 2. d4 d5 3. Nc3 Nf6 4. Bg5 dxe4 5. Nxe4 Nbd7 6. Nf3 h6 7. Bh4 Be7 8.
Ned2 O-O 9. Be2 b6 10. Ne5 Nxe5 11. dxe5 Nd7 12. Bg3 Bb7 13. Bf3 Qc8 14. Qe2
Rd8 15. O-O Nc5 16. b4 Na4 17. Ne4 Rd4 18. a3 Rxe4 19. Bxe4 Nc3 20. Bh7+ Kxh7
21. Qd3+ Ne4 22. f3 Qe8 23. fxe4 Rd8 24. Qf3 Rd2 25. Rf2 Rxf2 26. Bxf2 Qa4 27.
Qc3 c5 28. Re1 cxb4 29. Qc7 bxa3 30. Qxb7 a2 31. Ra1 Qb5 32. Qxa7 0-1

[Event "AUT-chT2W"]
[Site "Schwarzach"]
[Date "2002.10.11"]
[Round "1.1"]
[White "Volke, Karsten"]
[Black "Lanka, Zigurds"]
[Result "1-0"]
[WhiteElo "2450"]
[BlackElo "2504"]
[PlyCount "135"]
[EventDate "2002.10.13"]
[Source "Burger"]
[SourceDate "2002.10.13"]

1. c4 c5 2. g3 g6 3. Bg2 Bg7 4. Nc3 Nf6 5. a3 Nc6 6. Rb1 a5 7. d3 O-O 8. Nh3 e6
9. O-O h6 10. e4 d6 11. f4 Ne8 12. Kh1 f5 13. Ng1 Nc7 14. Nf3 Rb8 15. exf5 gxf5
16. Be3 Nd4 17. Qd2 b6 18. b4 axb4 19. axb4 Bb7 20. Nh4 Bxg2+ 21. Qxg2 Qf6 22.
Na4 Qf7 23. bxc5 bxc5 24. Bxd4 cxd4 25. Qc6 Rxb1 26. Rxb1 e5 27. fxe5 dxe5 28.
Rf1 f4 29. Nc5 Re8 30. Ne4 Re6 31. Qb7 Re7 32. Qc8+ Re8 33. Qg4 h5 34. Qf3 Rf8
35. Ng5 Qe8 36. Qe4 Qa8 37. Ng6 Qxe4+ 38. Nxe4 Ra8 39. gxf4 exf4 40. Nxf4 h4
41. Rb1 Bh6 42. Nd5 Nxd5 43. cxd5 h3 44. Nf2 Ra5 45. d6 Kf7 46. Nxh3 Be3 47.
Nf2 Bxf2 48. Rf1 Rf5 49. Kg2 Ke6 50. Rxf2 Rg5+ 51. Kf3 Rf5+ 52. Kg3 Rg5+ 53.
Kh4 Rg7 54. Rf4 Ke5 55. Rg4 Rd7 56. Re4+ Kd5 57. Kg5 Rxd6 58. h4 Ra6 59. Rf4
Ra3 60. Rf3 Ra1 61. h5 Rg1+ 62. Kf6 Rh1 63. Rf5+ Kd6 64. Kg6 Ke6 65. Rg5 Rh3
66. h6 Rxd3 67. h7 Rh3 68. Rh5 1-0

[Event "AUT-chT2W"]
[Site "Schwarzach"]
[Date "2002.10.11"]
[Round "1.3"]
[White "Grabher, Heinz"]
[Black "Klinger, Josef"]
[Result "0-1"]
[WhiteElo "2212"]
[BlackElo "2447"]
[PlyCount "94"]
[EventDate "2002.10.13"]
[Source "Burger"]
[SourceDate "2002.10.13"]

1. e4 g6 2. d4 Bg7 3. Nc3 d6 4. f4 Nd7 5. Nf3 a6 6. Bc4 e6 7. f5 Nb6 8. Bd3
exf5 9. exf5 Bxf5 10. Bxf5 gxf5 11. O-O Qd7 12. Nh4 Ne7 13. Bg5 f6 14. Qh5+ Kf8
15. Nxf5 Nxf5 16. Bxf6 Bxf6 17. Rxf5 Qe6 18. Raf1 Ke7 19. Rxf6 Qxf6 20. Rxf6
Kxf6 21. Ne4+ Ke7 22. Qg5+ Kd7 23. Nf6+ Ke6 24. d5+ Kf7 25. Qf5 Kg7 26. Nh5+
Kh6 27. h4 Rhg8 28. Nf6 Rg6 29. g4 Rf8 30. g5+ Kg7 31. Nh5+ Kg8 32. Qe4 Nd7 33.
b4 Ne5 34. Nf4 Rg7 35. Ne6 Nf3+ 36. Kg2 Re7 37. g6 Rf6 38. h5 hxg6 39. hxg6 Ne5
40. g7 Ref7 41. Qh4 Rg6+ 42. Kh3 Rf3+ 43. Kh2 Rf2+ 44. Qxf2 Ng4+ 45. Kg3 Nxf2+
46. Kxf2 Rxe6 47. dxe6 Kxg7 0-1

[Event "AUT-chT2W"]
[Site "Schwarzach"]
[Date "2002.10.13"]
[Round "3.1"]
[White "Teske, Henrik"]
[Black "Novkovic, Milan"]
[Result "1-0"]
[WhiteElo "2523"]
[BlackElo "2341"]
[PlyCount "51"]
[EventDate "2002.10.13"]
[Source "Burger"]
[SourceDate "2002.10.13"]

1. d4 d5 2. Nf3 c6 3. c4 Nf6 4. Nc3 e6 5. Bg5 Nbd7 6. cxd5 cxd5 7. e3 Be7 8.
Bd3 a6 9. Ne5 Nxe5 10. dxe5 Nd7 11. Bxe7 Qxe7 12. f4 b5 13. Rc1 Bb7 14. Ne2 Nb6
15. b3 d4 16. Nxd4 Bxg2 17. Rg1 Qh4+ 18. Kd2 Bd5 19. Rxg7 Qxh2+ 20. Qe2 Qh6 21.
Qg4 Kf8 22. Rg5 Qh2+ 23. Be2 Rd8 24. Rh5 Qg2 25. Qh4 Rd7 26. Rg5 1-0

[Event "AUT-chT2W"]
[Site "Schwarzach"]
[Date "2002.10.13"]
[Round "3.3"]
[White "Ager, Josef"]
[Black "Klinger, Josef"]
[Result "0-1"]
[WhiteElo "2207"]
[BlackElo "2447"]
[PlyCount "56"]
[EventDate "2002.10.13"]
[Source "Burger"]
[SourceDate "2002.10.13"]

1. d4 g6 2. c4 Bg7 3. Nc3 d6 4. e4 e6 5. Nf3 Ne7 6. Be2 b6 7. Bf4 Bb7 8. Qd2 h6
9. h4 Nd7 10. O-O-O a6 11. h5 g5 12. Nxg5 hxg5 13. Bxg5 c5 14. d5 Nf8 15. f4
Qc7 16. e5 Rh7 17. dxe6 dxe5 18. exf7+ Kxf7 19. h6 Bh8 20. Bh5+ Kg8 21. Rh3
exf4 22. Nd5 Nxd5 23. cxd5 Qd6 24. Bxf4 Be5 25. Bg5 c4 26. Rf3 Rc8 27. Bg4 c3
28. bxc3 Bxc3 0-1

[Event "StL-B-West 2002/03"]
[Site "Jenbach"]
[Date "2002.11.30"]
[Round "5.2"]
[White "Schmidt, Georg"]
[Black "Medvegy, Zoltan"]
[Result "1-0"]
[WhiteElo "2246"]
[BlackElo "2505"]
[PlyCount "77"]
[EventDate "2002.11.29"]

1. e4 c5 2. Nf3 e6 3. d4 cxd4 4. Nxd4 Nf6 5. Nc3 Nc6 6. Ndb5 d6 7. Bf4 e5 8.
Bg5 a6 9. Na3 b5 10. Bxf6 gxf6 11. Nd5 f5 12. Bd3 Be6 13. Qh5 Rg8 14. c3 f4 15.
g3 Bg4 16. Qxh7 Rg7 17. Qh8 Rg6 18. Be2 f3 19. h3 Be6 20. Bxf3 Rh6 21. Qg8 Rg6
22. Qh8 Rh6 23. Qg8 b4 24. Nc2 Rg6 25. Qh8 Rh6 26. Qg8 bxc3 27. bxc3 Rg6 28.
Qh8 Qa5 29. O-O Rh6 30. Nf6+ Rxf6 31. Qxf6 Qxc3 32. Ne3 Nd4 33. Bg4 Bxg4 34.
hxg4 Qd3 35. Nd5 Rc8 36. Rae1 Nf3+ 37. Kg2 Nxe1+ 38. Rxe1 Rc2 39. Nb4 1-0

[Event "StL-B-West 2002/03"]
[Site "Jenbach"]
[Date "2002.12.01"]
[Round "6.1"]
[White "Hertneck, Gerald"]
[Black "Riemelmoser, Franz"]
[Result "1/2-1/2"]
[WhiteElo "2516"]
[BlackElo "2320"]
[PlyCount "123"]
[EventDate "2002.11.29"]

1. e4 e6 2. d4 d5 3. Nc3 Bb4 4. e5 Ne7 5. a3 Bxc3+ 6. bxc3 c5 7. Nf3 Bd7 8. a4
Qa5 9. Bd2 Nbc6 10. Bb5 a6 11. Bd3 c4 12. Be2 f6 13. exf6 gxf6 14. O-O O-O-O
15. Re1 Nf5 16. Bf1 h5 17. Re2 Qc7 18. g3 Rdg8 19. Bg2 Nce7 20. Qe1 Qd6 21. a5
Ng6 22. Rb1 Re8 23. Rb6 Bc6 24. Bh3 Qd7 25. Kg2 h4 26. Ng1 Rhg8 27. Kf1 Kb8 28.
Rb1 Ka8 29. Bxf5 exf5 30. Rxe8+ Rxe8 31. Qd1 hxg3 32. hxg3 Qh7 33. Qf3 f4 34.
Re1 Rxe1+ 35. Bxe1 fxg3 36. Qxf6 gxf2 37. Bxf2 Ne7 38. Nf3 Nf5 39. Ng5 Qh1+ 40.
Ke2 Qh5+ 41. Kd2 Qg4 42. Ne6 Ka7 43. Qd8 Ng3 44. Qb6+ Ka8 45. Nc7+ Kb8 46.
Nxa6+ Ka8 47. Nc7+ Kb8 48. a6 Qf4+ 49. Be3 Ne4+ 50. Ke2 Nxc3+ 51. Kd2 Ne4+ 52.
Ke2 Qg4+ 53. Ke1 Qg3+ 54. Ke2 Qg2+ 55. Ke1 Qh1+ 56. Ke2 Nc3+ 57. Kd2 Nb1+ 58.
Ke2 Qg2+ 59. Ke1 Qh1+ 60. Kf2 Qh4+ 61. Kf1 Qh1+ 62. Kf2 1/2-1/2

[Event "StL-B-West 2002/03"]
[Site "Jenbach"]
[Date "2002.12.01"]
[Round "6.4"]
[White "Bezold, Michael"]
[Black "Umansky, Mikhail"]
[Result "1-0"]
[WhiteElo "2468"]
[BlackElo "2415"]
[PlyCount "51"]
[EventDate "2002.11.29"]

1. g3 e5 2. c4 Nf6 3. Bg2 c6 4. d4 exd4 5. Qxd4 d5 6. Nf3 Be7 7. cxd5 cxd5 8.
O-O O-O 9. Rd1 Nc6 10. Qa4 Bc5 11. Bg5 Qb6 12. Bxf6 Bxf2+ 13. Kh1 gxf6 14. Nc3
Be6 15. Nxd5 Bxd5 16. Rxd5 Qxb2 17. Rf1 Bb6 18. Rh5 Ne7 19. Qf4 f5 20. Ne5 Rfd8
21. Qg5+ Ng6 22. Nxf7 Rd7 23. Qxf5 Re7 24. Bd5 Qxe2 25. Ng5+ Kh8 26. Qf6+ 1-0

[Event "StL-B-West 2002/03"]
[Site "Jenbach"]
[Date "2002.12.01"]
[Round "6.6"]
[White "Teske, Henrik"]
[Black "Schmidt, Georg"]
[Result "1-0"]
[WhiteElo "2529"]
[BlackElo "2246"]
[PlyCount "65"]
[EventDate "2002.11.29"]

1. d4 g6 2. c4 Bg7 3. Nc3 d6 4. g3 e5 5. dxe5 dxe5 6. Qxd8+ Kxd8 7. Bg2 c6 8.
b3 Nh6 9. Ba3 Bf8 10. Bb2 f6 11. f4 Ng4 12. fxe5 Nxe5 13. Nf3 Nxf3+ 14. exf3
Ke7 15. O-O-O Bf5 16. Rhe1+ Kf7 17. Ne4 Bxe4 18. Rxe4 Rg8 19. f4 f5 20. Re2 Be7
21. Bf3 Re8 22. g4 fxg4 23. Bxg4 a5 24. Be6+ Kf8 25. f5 Bg5+ 26. Kc2 Bf4 27.
fxg6 hxg6 28. Rf1 g5 29. h4 Ke7 30. hxg5 Kd6 31. Rxf4 Rxe6 32. Rxe6+ Kxe6 33.
Rf8 1-0

[Event "StL-B-West 2002/03"]
[Site "Hohenems"]
[Date "2003.02.01"]
[Round "8.1"]
[White "Teske, Henrik"]
[Black "Umansky, Mikhail"]
[Result "1-0"]
[WhiteElo "2529"]
[BlackElo "2415"]
[PlyCount "99"]
[EventDate "2003.01.31"]

1. Nf3 Nf6 2. c4 e6 3. Nc3 b6 4. g3 Bb7 5. Bg2 Be7 6. O-O O-O 7. Re1 d5 8. cxd5
exd5 9. d4 c5 10. Ne5 Na6 11. Bf4 Nc7 12. dxc5 Bxc5 13. Nd3 Ne6 14. Rc1 Rc8 15.
e3 Qe7 16. Be5 Rfd8 17. Nxc5 bxc5 18. Bxf6 Qxf6 19. Nxd5 Bxd5 20. Bxd5 Ng5 21.
f4 Ne6 22. b3 Rc7 23. e4 Nd4 24. Qd3 Qg6 25. Qe3 Qh5 26. Kg2 h6 27. Rc3 Kf8 28.
b4 Rdc8 29. Rc4 Rd8 30. bxc5 Ne6 31. c6 Rb8 32. Rc2 Rb6 33. Qa3+ Kg8 34. Qd6
Kh7 35. Bxe6 Rcxc6 36. Qxc6 Rxc6 37. Rxc6 fxe6 38. Rxe6 Qb5 39. Rd6 Qb2+ 40.
Kg1 Qxa2 41. e5 Qa3 42. Rd2 Qc5+ 43. Rf2 Qc3 44. Rfe2 Qd4+ 45. Kf1 Qd5 46. e6
Qh1+ 47. Kf2 Qxh2+ 48. Kf3 Qh5+ 49. Kg2 Qe8 50. e7 1-0

[Event "StL-B-West 2002/03"]
[Site "Hohenems"]
[Date "2003.02.02"]
[Round "9.2"]
[White "Klinger, Josef"]
[Black "Weindl, Alfred"]
[Result "0-1"]
[WhiteElo "2440"]
[BlackElo "2371"]
[PlyCount "76"]
[EventDate "2003.01.31"]

1. e4 c5 2. Nc3 e6 3. g3 d5 4. d3 Nf6 5. Bg2 dxe4 6. Nxe4 Nxe4 7. Bxe4 Be7 8.
Ne2 Nd7 9. O-O Nf6 10. Bg2 O-O 11. d4 Qb6 12. dxc5 Bxc5 13. Nf4 Rd8 14. Nd3 e5
15. Qe1 e4 16. Nxc5 Qxc5 17. c3 Qh5 18. h4 Bg4 19. Qe3 h6 20. Re1 Bf3 21. c4
Rd3 22. Qf4 Bxg2 23. Kxg2 Rf3 24. Qc7 Ng4 25. Re2 Rxf2+ 26. Rxf2 Nxf2 27. Kxf2
Qf3+ 28. Ke1 e3 29. Qf4 Qh1+ 30. Ke2 Re8 31. Qf3 Qh2+ 32. Kd3 Qg1 33. Qe2 f5
34. b3 Qxg3 35. Bb2 Rd8+ 36. Bd4 f4 37. Kc3 Qg6 38. Qd3 Qg2 0-1